| 000 | 01640cam a22003494a 4500 | ||
|---|---|---|---|
| 001 | 13325667 | ||
| 005 | 20210924155046.0 | ||
| 008 | 030827s2004 nyu b 001 0 eng | ||
| 010 | _a 2003059191 | ||
| 020 | _a0743245075 | ||
| 040 |
_aDLC _cDLC _dDLC |
||
| 042 | _apcc | ||
| 043 | _an-us--- | ||
| 050 | 0 | 0 |
_aLC311 _b.L52 2004 |
| 082 | 0 | 0 |
_a370.114 _bLIC |
| 100 | 1 |
_aLickona, Thomas. _982758 |
|
| 245 | 1 | 0 |
_aCharacter matters : _bhow to help our children develop good judgment, integrity, and other essential virtues / _cThomas Lickona. |
| 260 |
_aNew York : _bSimon & Schuster, _cc2004. |
||
| 300 |
_axxvi, 310 p. ; _c21 cm. |
||
| 500 | _a"A Touchstone book." | ||
| 504 | _aIncludes bibliographical references (p. 289-296) and index. | ||
| 650 | 0 |
_aMoral education _zUnited States. _982759 |
|
| 650 | 0 |
_aHome and school _zUnited States. _982760 |
|
| 650 | 0 |
_aEducation _xParent participation _zUnited States. _982761 |
|
| 856 | 4 | 2 |
_3Contributor biographical information _uhttp://www.loc.gov/catdir/bios/simon053/2003059191.html |
| 856 | 4 | 2 |
_3Publisher description _uhttp://www.loc.gov/catdir/description/simon052/2003059191.html |
| 856 | 4 | 1 |
_3Table of contents only _uhttp://www.loc.gov/catdir/enhancements/fy0631/2003059191-t.html |
| 856 | 4 | 1 |
_3Sample text _uhttp://www.loc.gov/catdir/enhancements/fy0641/2003059191-s.html |
| 906 |
_a7 _bcbc _corignew _d1 _eocip _f20 _gy-gencatlg |
||
| 942 |
_2ddc _cBK |
||
| 999 |
_c586478 _d586478 |
||